000 00590nam a2200253Ia 4500
005 20260121153756.0
008 008 260114s9999 xx 000 0 eng d
020 _a9781849773874
037 _aEBOOK
040 _aCRL
040 _beng
040 _cCRL
041 _2eng
041 _aeng
084 _qCRL
100 _aAlison M Johnston
_9998971
245 0 _aIs the Sacred for Sale
260 _bTaylor and Francis
260 _c2006
856 _uhttp://www.taylorfrancis.com/books/9781849773874
942 _cEBOOK
999 _c1565792
_d1565792